000
00337nam a2200157Ia 4500
003
IT-RoPAU
008
120407s9999 xx 000 0 und d
040
_a
IT-RoPAU
040
_c
IT-RoPAU
100
_a
Henri D'Allanies
245
_a
Actualité de l'Apocalypse
260
_a
La Colombe
300
_c
cm
490
_v
1
942
_c
BK
999
_c
7185
_d
7185